Projektovanie podnikovej logistiky

História vzniku logiky a logistiky. U nás sa používal názov racionalizácia. Proces projektovania podnikovej logistiky. Štruktúra podnikovej logistiky: nákupná, výrobná, distribučná, logistika skladov.

Salvato in:
Dettagli Bibliografici
Autore principale: Slamková, E.
Altri autori: Rakyta, Miroslav
Natura: Capitolo di libro
Lingua:slovacco
Soggetti:
Tags: Aggiungi Tag
Nessun Tag, puoi essere il primo ad aggiungerne!!

MARC

LEADER 00000naa a2200000 4500
001 r016664
005 20221129133938.8
041 0 |a slo 
044 |a CZ 
245 1 0 |a Projektovanie podnikovej logistiky  |c E. Slamková, M. Rakyta 
520 |a História vzniku logiky a logistiky. U nás sa používal názov racionalizácia. Proces projektovania podnikovej logistiky. Štruktúra podnikovej logistiky: nákupná, výrobná, distribučná, logistika skladov. 
610 2 0 |a logistika podniková 
610 2 0 |a podnik 
610 2 0 |a projektovanie 
610 2 0 |a história 
100 1 |a Slamková, E. 
700 1 |a Rakyta, Miroslav